[Event "BCF-chT4S 1819 (4NCL)"]
[Site "England"]
[Date "2019.05.06"]
[Round "11.75"]
[White "Dharmasena, Kian"]
[Black "Kilcline, Declan A"]
[Result "1/2-1/2"]
[WhiteElo "1757"]
[BlackElo "1406"]
[PlyCount "50"]
[EventDate "2018.11.17"]
[EventType "team-swiss"]
[EventRounds "11"]
[EventCountry "ENG"]
[SourceTitle "EXT 2021"]
[Source "ChessBase"]
[SourceDate "2020.10.23"]
[SourceVersion "1"]
[SourceVersionDate "2020.10.23"]
[SourceQuality "1"]
[WhiteTeam "Poisoned Pawns Next Generation"]
[BlackTeam "Rook & Roll"]
[WhiteTeamCountry "ENG"]
[BlackTeamCountry "ENG"]

1. e4 e6 2. d4 d5 3. exd5 exd5 4. c4 Nf6 5. Nc3 c6 6. Bf4 Bd6 7. Bxd6 Qxd6 8. Bd3 Qe6+ 9. Qe2 0-0 10. Qxe6 Bxe6 11. cxd5 Bxd5 12. Nxd5 Nxd5 13. 0-0-0 Nd7 14. a3 Nf4 15. Ne2 Nxd3+ 16. Rxd3 Rfe8 17. Ng3 Nf6 18. f3 Rad8 19. Rhd1 Nd5 20. Ne4 f5 21. Nc5 b6 22. Nb3 Re2 23. R3d2 Rde8 24. Rxe2 Rxe2 25. Rd2 Re1+ 1/2-1/2

[Event "BCF-chT4S 1819 (4NCL)"]
[Site "England"]
[Date "2019.02.10"]
[Round "6.136"]
[White "Sanfey, Gregor"]
[Black "Kilcline, Declan A"]
[Result "1/2-1/2"]
[WhiteElo "1585"]
[BlackElo "1406"]
[PlyCount "120"]
[EventDate "2018.11.17"]
[EventType "team-swiss"]
[EventRounds "11"]
[EventCountry "ENG"]
[SourceTitle "EXT 2021"]
[Source "ChessBase"]
[SourceDate "2020.10.23"]
[SourceVersion "1"]
[SourceVersionDate "2020.10.23"]
[SourceQuality "1"]
[WhiteTeam "Barnet Knights II"]
[BlackTeam "Rook & Roll"]
[WhiteTeamCountry "ENG"]
[BlackTeamCountry "ENG"]

1. e4 e6 2. Nf3 d5 3. Nc3 Nf6 4. exd5 exd5 5. g3 Bg4 6. Bg2 c6 7. 0-0 Be7 8. d3 0-0 9. Ne2 Nbd7 10. h3 Bxf3 11. Bxf3 Ne5 12. Bg2 Qd7 13. f4 Ng6 14. f5 Ne5 15. d4 Nc4 16. b3 Na3 17. g4 h6 18. Ng3 Bd6 19. Bxa3 Bxa3 20. h4 Ne4 21. Bxe4 dxe4 22. g5 Bb2 23. Rb1 Qxd4+ 24. Qxd4 Bxd4+ 25. Kg2 Rfe8 26. f6 gxf6 27. Nf5 Bc3 28. Nxh6+ Kg7 29. Rbd1 Rad8 30. Nf5+ Kh7 31. gxf6 Rg8+ 32. Kh3 Rxd1 33. Rxd1 Bxf6 34. Rd7 Rg1 35. Kh2 Re1 36. h5 Be5+ 37. Kg2 Re2+ 38. Kf1 Rxc2 39. Rxf7+ Kg8 40. Re7 Bb2 41. Rxe4 Rc5 42. Ne7+ Kf7 43. Nc8 Rf5+ 44. Ke2 Re5 45. Kf3 Rxe4 46. Kxe4 Ke6 47. Nxa7 Kd7 48. b4 b5 49. Nxb5 cxb5 50. Kd5 Ke7 51. Kc5 Kf6 52. Kxb5 Ba3 53. Ka4 Bc1 54. Kb3 Kg5 55. a4 Kxh5 56. a5 Be3 57. b5 Kg5 58. b6 Kf6 59. Kb4 Ke7 60. a6 Bxb6 1/2-1/2

[Event "BCF-chT4S 1819 (4NCL)"]
[Site "England"]
[Date "2019.02.09"]
[Round "5.146"]
[White "Kilcline, Declan A"]
[Black "Deacon, Nicholas"]
[Result "1-0"]
[WhiteElo "1406"]
[BlackElo "1067"]
[PlyCount "35"]
[EventDate "2018.11.17"]
[EventType "team-swiss"]
[EventRounds "11"]
[EventCountry "ENG"]
[SourceTitle "EXT 2021"]
[Source "ChessBase"]
[SourceDate "2020.10.23"]
[SourceVersion "1"]
[SourceVersionDate "2020.10.23"]
[SourceQuality "1"]
[WhiteTeam "Rook & Roll"]
[BlackTeam "Wessex III"]
[WhiteTeamCountry "ENG"]
[BlackTeamCountry "ENG"]

1. e4 c5 2. Nc3 g6 3. f4 Bg7 4. Bc4 d6 5. Nf3 Nc6 6. 0-0 Nf6 7. d3 0-0 8. Qe1 Bg4 9. h3 Bd7 10. Qh4 Re8 11. f5 gxf5 12. Bh6 fxe4 13. Qg5 Nh5 14. Nxe4 Kh8 15. Qxh5 Bxh6 16. Qxh6 f5 17. Neg5 Rg8 18. Nf7# 1-0